000
00255nam a2200097Ia 4500
001
1217973
005
20250827024638.0
008
250824s9999 xx 000 0 und d
245
0
_a
GELİŞTİREN ANNE BABA
_c
DOĞAN CÜCELOĞLU
260
_b
REMZİ KİTABEVİ
999
_c
1217973
_d
1217973